[Event "Olexa Memorial op-A"]
[Site "Brno"]
[Date "2003.??.??"]
[Round "5"]
[White "Ondrejat, Miroslav"]
[Black "Paral, Stanislav"]
[Result "0-1"]
[WhiteElo "2120"]
[BlackElo "2120"]
[PlyCount "132"]
[EventDate "2003.12.??"]
[EventType "swiss"]
[EventRounds "9"]
[EventCountry "CZE"]
[SourceTitle "EXT 2007"]
[Source "ChessBase"]
[SourceDate "2006.11.23"]
[SourceVersion "1"]
[SourceVersionDate "2006.11.23"]
[SourceQuality "1"]

1. e4 Nf6 2. e5 Nd5 3. d4 d6 4. Nf3 g6 5. c4 Nb6 6. Nc3 Bg7 7. Be2 Nc6 8. exd6 cxd6 9. 0-0 Bg4 10. Be3 0-0 11. b3 d5 12. c5 Nc8 13. Rc1 e6 14. h3 Bxf3 15. Bxf3 N8e7 16. Ne2 Nf5 17. Qd2 Nh4 18. Bg4 h5 19. Bg5 Bf6 20. Bxh4 Bxh4 21. Bf3 Bg5 22. Qb2 Bxc1 23. Rxc1 a5 24. a3 Qf6 25. Qd2 Kg7 26. Rd1 Rh8 27. b4 axb4 28. axb4 g5 29. b5 Ne7 30. Ng3 Qg6 31. Qe2 h4 32. Qe5+ Qf6 33. Nh5+ Rxh5 34. Qxf6+ Kxf6 35. Bxh5 Ra4 36. Rd3 Nf5 37. Rf3 Ke7 38. g4 hxg3 39. fxg3 f6 40. Rc3 Nxd4 41. c6 bxc6 42. bxc6 Rc4 43. Rxc4 dxc4 44. c7 Kd7 45. h4 c3 46. Bd1 gxh4 47. gxh4 Nf3+ 48. Kf2 Nxh4 49. Ke3 Kxc7 50. Kd3 Kd6 51. Kxc3 Ke5 52. Bb3 Nf3 53. Kd3 Nd4 54. Bc4 f5 55. Ke3 Nc6 56. Kd3 Nd8 57. Ke3 Nf7 58. Bb3 Ng5 59. Bc2 f4+ 60. Kf2 Kd4 61. Ba4 e5 62. Bb5 e4 63. Ke2 e3 64. Ba6 f3+ 65. Ke1 Ne4 66. Bb7 f2+ 0-1

[Event "Olexa Memorial op-A"]
[Site "Brno"]
[Date "2003.??.??"]
[Round "4"]
[White "Paral, Stanislav"]
[Black "Smehlik, Jaroslav"]
[Result "1-0"]
[WhiteElo "2120"]
[BlackElo "2095"]
[PlyCount "65"]
[EventDate "2003.12.??"]
[EventType "swiss"]
[EventRounds "9"]
[EventCountry "CZE"]
[SourceTitle "EXT 2007"]
[Source "ChessBase"]
[SourceDate "2006.11.23"]
[SourceVersion "1"]
[SourceVersionDate "2006.11.23"]
[SourceQuality "1"]

1. e4 d6 2. Bc4 Nf6 3. d4 Nxe4 4. Bxf7+ Kxf7 5. Qh5+ g6 6. Qd5+ e6 7. Qxe4 Bg7 8. Nf3 Re8 9. 0-0 Kg8 10. Re1 c6 11. Nc3 Nd7 12. Bg5 Qb6 13. Re3 e5 14. Rae1 d5 15. Nxd5 cxd5 16. Qxd5+ Kh8 17. b3 Nf6 18. Bxf6 Qxf6 19. Nxe5 Rf8 20. Rf3 Bf5 21. Qxb7 Qe6 22. g4 Rab8 23. Qxa7 Qd5 24. c4 Ra8 25. cxd5 Rxa7 26. gxf5 Rxa2 27. fxg6 Rxf3 28. Nxf3 hxg6 29. Re8+ Kh7 30. d6 Ra7 31. Re7 Ra6 32. d7 Rd6 33. Ng5+ 1-0